Statistics for African Countries in Order of Population

Click here to take the quiz!

General Stats

  • This quiz has been taken 146 times
  • The average score is 45 of 54

Answer Stats

PopulationLetterCountry% Correct
206 milNNigeria
100%
114 milEEthiopia
99%
89 milDDemocratic Republic of the Congo
98%
53 milKKenya
98%
45 milUUganda
98%
43 milAAlgeria
97%
33 milAAngola
97%
102 milEEgypt
97%
24 milNNiger
96%
59 milTTanzania
96%
14 milZZimbabwe
95%
59 milSSouth Africa
94%
18 milZZambia
94%
43 milSSudan
93%
31 milGGhana
92%
36 milMMorocco
91%
13 milRRwanda
91%
30 milMMozambique
90%
26 milIIvory Coast
88%
21 milMMali
88%
26 milCCameroon
87%
16 milCChad
86%
13 milGGuinea
86%
19 milBBurkina Faso
83%
0.8 milCComoros
82%
15 milSSomalia
82%
0.5 milCCape Verde
81%
27 milMMadagascar
81%
12 milBBenin
80%
0.9 milDDjibouti
80%
16 milSSenegal
80%
8 milTTogo
80%
1 milEEswatini
79%
2 milLLesotho
79%
12 milBBurundi
78%
0.2 milSSao Tome & Principe
77%
0.1 milSSeychelles
77%
12 milTTunisia
77%
4 milEEritrea
76%
2 milGGuinea-Bissau
76%
7 milLLibya
76%
1 milMMauritius
76%
19 milMMalawi
74%
11 milSSouth Sudan
74%
2 milNNamibia
73%
2 milGGabon
71%
5 milLLiberia
71%
8 milSSierra Leone
69%
5 milCCentral African Republic
68%
1 milEEquatorial Guinea
68%
4 milMMauritania
67%
2 milBBotswana
64%
2 milGGambia
63%
6 milRRepublic of the Congo
62%

Score Distribution

Percentile by Number Answered

Percent of People with Each Score

Your Score History

You have not taken this quiz